[Event "Detroit (RVO/3)"]
[Site "?"]
[Date "1990.??.??"]
[Round "?"]
[White "Ross, G."]
[Black "Vaka, Flamur"]
[Result "1-0"]
[WhiteElo "1825"]
[BlackElo "1620"]
[PlyCount "71"]
[EventDate "1990.??.??"]

1. b3 Nf6 2. Bb2 Nc6 3. e3 e5 4. c4 Be7 5. d4 exd4 6. exd4 O-O 7. d5 Re8 8. Be2
Nb8 9. Nf3 d6 10. O-O Nbd7 11. Nbd2 b6 12. Bd3 Nc5 13. Bc2 Bd7 14. b4 Nb7 15.
Rb1 Qc8 16. Ng5 h6 17. Nge4 Qd8 18. Qf3 Nh7 19. Qd3 Nf8 20. f4 a6 21. f5 f6 22.
Qg3 Nh7 23. Qg6 Rf8 24. Rf3 Bc8 25. Qg3 Bd7 26. Rf4 Rf7 27. Bd1 Bf8 28. Bh5 Re7
29. Bxf6 Nxf6 30. Nxf6+ Kh8 31. Nxd7 Qxd7 32. f6 Re5 33. Bg4 Qf7 34. Be6 Qe8
35. Rh4 Rg5 36. Qxg5 1-0

[Event "Detroit (RVO/5)"]
[Site "?"]
[Date "1990.??.??"]
[Round "?"]
[White "Ross, G."]
[Black "Choyke, J."]
[Result "1/2-1/2"]
[WhiteElo "1825"]
[BlackElo "1630"]
[PlyCount "46"]
[EventDate "1990.??.??"]

1. f4 d6 2. Nf3 g6 3. d4 Bg7 4. e4 Nf6 5. Bd3 c5 6. e5 Nfd7 7. c3 O-O 8. O-O
cxd4 9. cxd4 dxe5 10. fxe5 Nb6 11. Be3 Nc6 12. Qd2 Bg4 13. Bb5 Bxf3 14. Rxf3
Qc7 15. Bh6 Nxe5 16. Rc3 Nec4 17. Bxg7 Kxg7 18. Qe2 Qd6 19. Bxc4 Qxd4+ 20. Kf1
Rad8 21. Na3 Qf4+ 22. Kg1 Qd4+ 23. Kf1 Qf4+ 1/2-1/2

[Event "Detroit (RVO/1)"]
[Site "?"]
[Date "1990.??.??"]
[Round "?"]
[White "Ross, G."]
[Black "Burke, David"]
[Result "1-0"]
[WhiteElo "1825"]
[BlackElo "1605"]
[PlyCount "178"]
[EventDate "1990.??.??"]

1. d4 d5 2. Nf3 Nf6 3. e3 Bg4 4. Bd3 Nbd7 5. O-O e5 6. dxe5 Nxe5 7. Be2 Ng6 8.
Nbd2 Bd6 9. c4 dxc4 10. Nxc4 Be7 11. Qa4+ c6 12. Qc2 O-O 13. Bd2 Bxf3 14. Bxf3
Qc7 15. g3 b5 16. Ba5 Qd7 17. Rad1 Qh3 18. Bg2 Qh5 19. Nd6 Bxd6 20. Rxd6 Ng4
21. h3 N4e5 22. g4 Qh4 23. Qd1 f5 24. Bd8 Raxd8 25. Rxd8 Rxd8 26. Qb3+ Kh8 27.
gxf5 Nf8 28. Rd1 Rxd1+ 29. Qxd1 g6 30. Qd6 Ned7 31. fxg6 hxg6 32. Qxc6 Qb4 33.
Qc1 Kg7 34. b3 Nc5 35. Bd5 Nd3 36. Qa1+ Kh6 37. Qh8+ Nh7 38. Qa1 Ng5 39. Qh8+
Nh7 40. Qa1 Kh5 41. Qd1+ Kh4 42. Qxd3 Kxh3 43. Bg2+ Kh4 44. Qxg6 Ng5 45. Qh6+
Kg4 46. Qg7 Qe1+ 47. Bf1 Kf3 48. Qf6+ Kg4 49. Qf4+ Kh5 50. Kg2 b4 51. Bd3 Qd1
52. Bc4 Qd7 53. Be2+ Kg6 54. Qg4 Qd5+ 55. Bf3 Qe5 56. Be2 Qd5+ 57. e4 Qe5 58.
Bd3 Qd4 59. Qf5+ Kh6 60. Qf8+ Kh5 61. Be2+ Kg6 62. Qg8+ Kh6 63. Qf8+ Kg6 64.
Qe8+ Kh6 65. Qh5+ Kg7 66. Qxg5+ Kh7 67. e5 a6 68. Qf5+ Kh6 69. Qf6+ Kh7 70.
Qf7+ Kh6 71. Qf8+ Kg6 72. Qd6+ Qxd6 73. exd6 Kf7 74. Bxa6 Ke6 75. Kg3 Kxd6 76.
Kg4 Ke5 77. f4+ Kf6 78. Kf3 Kf5 79. Bc8+ Kf6 80. Ke4 Kg6 81. Ke5 Kf7 82. Ba6
Ke7 83. f5 Kd7 84. Kf6 Ke8 85. Kg7 Ke7 86. f6+ Ke8 87. f7+ Kd7 88. f8=Q Kc7 89.
Qxb4 Kd8 1-0

[Event "Detroit (MOR/2/32)"]
[Site "?"]
[Date "1990.??.??"]
[Round "?"]
[White "Rosenfield, C."]
[Black "Troupe, D."]
[Result "0-1"]
[WhiteElo "1625"]
[BlackElo "1605"]
[PlyCount "72"]
[EventDate "1990.??.??"]

{2/(32)} 1. d4 d5 2. c4 dxc4 3. Nf3 Nf6 4. e3 e6 5. Bxc4 c6 6. O-O Bd6 7. Nc3
O-O 8. e4 Nfd7 9. e5 Bc7 10. Qc2 c5 11. dxc5 Nxe5 12. Nxe5 Bxe5 13. Rd1 Qh4 14.
g3 Qxc4 15. Be3 Na6 16. Qd3 Qxd3 17. Rxd3 Nb4 18. Rd2 b6 19. cxb6 axb6 20. a3
Ra6 21. Rad1 Nc6 22. f4 Bc7 23. Nb5 Bb8 24. Nd4 Nxd4 25. Rxd4 Bc7 26. Rc1 Ra7
27. Rdc4 Bxf4 28. Bxb6 Bxc1 29. Bxa7 Bxb2 30. a4 Ba6 31. Rb4 Bc3 32. Rb3 Rc8
33. Kf2 h6 34. Ke3 Ba5 35. Ke4 Rc4+ 36. Ke5 Bc7# 0-1

[Event "Detroit (MOR/6/31)"]
[Site "?"]
[Date "1990.??.??"]
[Round "?"]
[White "Rosenfield, C."]
[Black "Thomas, Willie"]
[Result "1-0"]
[WhiteElo "1625"]
[BlackElo "1605"]
[PlyCount "43"]
[EventDate "1990.??.??"]

{6/(31)} 1. d4 Nf6 2. c4 g6 3. Nc3 Bg7 4. e4 d6 5. f3 O-O 6. Be3 Nbd7 7. Bd3 e5
8. d5 Nb6 9. h4 Bd7 10. g4 c6 11. h5 gxh5 12. gxh5 h6 13. Qd2 Kh7 14. O-O-O a5
15. Nge2 Qc8 16. Rdg1 Qc7 17. Rxg7+ Kxg7 18. Bxh6+ Kh7 19. Qg5 Rg8 20. Qxf6
Raf8 21. Bxf8 Rxf8 22. Rg1 1-0

[Event "Detroit (MOR/5/41)"]
[Site "?"]
[Date "1990.??.??"]
[Round "?"]
[White "Rosenfield, C."]
[Black "Burke, David"]
[Result "1-0"]
[WhiteElo "1625"]
[BlackElo "1605"]
[PlyCount "51"]
[EventDate "1990.??.??"]

{5/(41)} 1. d4 d5 2. c4 dxc4 3. Nf3 Nf6 4. e3 e6 5. Bxc4 c5 6. O-O cxd4 7. Nxd4
Bd6 8. Nb5 Bc7 9. Qxd8+ Bxd8 10. Nd6+ Kd7 11. Nxf7 Rf8 12. Rd1+ Ke7 13. Nxd8
Rxd8 14. Rxd8 Kxd8 15. Nc3 Bd7 16. Bd2 Nc6 17. Rd1 a6 18. a4 Kc7 19. Ne2 Rc8
20. Bc3 Ne5 21. Bxe5+ Kb6 22. b3 Kc5 23. Bxf6 Bxa4 24. Bxe6 Rc6 25. Be7+ Kb6
26. Rd6 1-0

[Event "Detroit (MOR/2/4)"]
[Site "?"]
[Date "1990.??.??"]
[Round "?"]
[White "Rosenberg, Steve"]
[Black "Nixon, Peter"]
[Result "1-0"]
[WhiteElo "1780"]
[BlackElo "1605"]
[PlyCount "109"]
[EventDate "1990.??.??"]

{2/(4)} 1. e4 c5 2. Nf3 Nc6 3. Bc4 e6 4. Nc3 a6 5. a3 b5 6. Be2 d6 7. d4 cxd4
8. Nxd4 Bb7 9. Nxc6 Bxc6 10. Qd4 Nf6 11. Bg5 e5 12. Qd3 Be7 13. Rd1 Qc7 14.
Bxf6 gxf6 15. Nd5 Qb8 16. O-O Kd7 17. Qe3 Bxd5 18. Rxd5 h5 19. Qh3+ Kc7 20.
Rfd1 Qc8 21. R1d3 Qxh3 22. Rxh3 h4 23. Rdd3 Rag8 24. Rc3+ Kb7 25. Rhd3 Rg5 26.
Kf1 Rhg8 27. Bf3 Rc8 28. h3 Rgg8 29. Bg4 Rcd8 30. Rd5 Kb6 31. Rb3 Kc6 32. Ke2
Bf8 33. Kd3 Be7 34. c4 Rb8 35. cxb5+ Rxb5 36. Rbxb5 axb5 37. Kc3 Rb8 38. Kb4
Bd8 39. Be2 Be7 40. Bxb5+ Kc7 41. a4 Rg8 42. Bf1 Kc6 43. Kc4 Bd8 44. b4 Bb6 45.
f3 Rc8 46. Kb3 Kd7 47. Rd1 Bd4 48. a5 Rc3+ 49. Ka4 Kc6 50. b5+ Kc5 51. b6 Rc2
52. b7 Ra2+ 53. Kb3 Rb2+ 54. Ka3 Rxb7 55. Rc1+ 1-0

[Event "Detroit (MOR/6/2)"]
[Site "?"]
[Date "1990.??.??"]
[Round "?"]
[White "Rosenberg, Steve"]
[Black "Lewis, James"]
[Result "1-0"]
[WhiteElo "1780"]
[BlackElo "1720"]
[PlyCount "87"]
[EventDate "1990.??.??"]

{6/(2)} 1. e4 e5 2. Nf3 Nc6 3. Nc3 Nf6 4. Bc4 Bc5 5. a3 a6 6. d3 b5 7. Bb3 O-O
8. O-O h6 9. Nd5 Rb8 10. Be3 Bxe3 11. fxe3 d6 12. Nxf6+ gxf6 13. Nh4 Kh7 14.
Qh5 Be6 15. Bxe6 fxe6 16. Qg6+ Kh8 17. Qxh6+ Kg8 18. Ng6 f5 19. Qh8+ Kf7 20.
Qh7+ Kf6 21. Nxf8 Qxf8 22. exf5 Qg8 23. fxe6+ Kxe6 24. Qxg8+ Rxg8 25. Rf2 Rg7
26. Raf1 a5 27. h4 a4 28. h5 Rh7 29. g4 Nd8 30. Kg2 Ke7 31. Kg3 Nc6 32. Kh4 d5
33. g5 d4 34. exd4 Nxd4 35. g6 Rh8 36. Kg5 Kd6 37. g7 Rg8 38. h6 Ne6+ 39. Kg4
Nf4 40. h7 Re8 41. g8=Q Re6 42. h8=Q c6 43. Qd8+ Kc5 44. Qhf8+ 1-0

[Event "Lansing (Mini-Swiss.3/3)"]
[Site "?"]
[Date "1990.??.??"]
[Round "?"]
[White "Rosenberg, Steve"]
[Black "June, Brian"]
[Result "0-1"]
[WhiteElo "1770"]
[BlackElo "1805"]
[PlyCount "132"]
[EventDate "1990.??.??"]

{3/(3)} 1. e4 c5 2. Nf3 Nc6 3. Bc4 e6 4. Nc3 Nge7 5. d3 Na5 6. Bb3 Nxb3 7. axb3
d5 8. Bf4 a6 9. O-O Ng6 10. Qd2 Nxf4 11. Qxf4 Bd6 12. e5 Be7 13. d4 O-O 14.
dxc5 Bxc5 15. Ne2 b5 16. b4 Ba7 17. Ned4 Bb7 18. Ra3 Rc8 19. c3 Qe7 20. Kh1 f6
21. Qh4 Qe8 22. Re1 f5 23. Ng5 Qg6 24. Ngxe6 Rfe8 25. Nf4 Qg4 26. Qxg4 fxg4 27.
Re2 Bxd4 28. Rd2 Bxe5 29. Nxd5 Bxd5 30. Rxd5 Bxc3 31. g3 Bxb4 32. Rxa6 Rc5 33.
Rd4 Be1 34. Kg2 Rc2 35. Rxg4 Rxf2+ 36. Kh3 Rxb2 37. Ra7 g6 38. Rf4 Rf2 39. Rh4
Rf7 40. Ra2 Rb7 41. Rb2 b4 42. Rc4 Ree7 43. Kg4 b3 44. h4 Re3 45. h5 Rxg3+ 46.
Kf4 Rf7+ 47. Ke5 Bc3+ 48. Ke6 Re3+ 49. Kd6 Bxb2 50. h6 Be5+ 51. Ke6 Bg7+ 52.
Kd6 Bxh6 53. Kc6 Re5 54. Kd6 Bg7 55. Rc8+ Rf8 56. Rc7 Rb5 57. Ke7 Rf7+ 58. Kd8
Rxc7 59. Kxc7 b2 60. Kc6 Rb3 61. Kd7 b1=B 62. Ke8 Rb7 63. Kd8 Bf5 64. Ke8 Ra7
65. Kd8 Bf6+ 66. Ke8 Ra8# 0-1

[Event "Lansing (Feb)"]
[Site "?"]
[Date "1990.??.??"]
[Round "?"]
[White "Rosenberg, Steve"]
[Black "Hawley, T."]
[Result "1-0"]
[WhiteElo "1790"]
[BlackElo "1725"]
[PlyCount "81"]
[EventDate "1990.??.??"]

1. e4 e5 2. Nf3 Nc6 3. Bc4 Nf6 4. d3 Be7 5. Nc3 d6 6. O-O Bg4 7. Bg5 Nd4 8.
Bxf6 gxf6 9. Bxf7+ Kf8 10. Nxd4 exd4 11. Qxg4 dxc3 12. Qe6 cxb2 13. Bh5 Kg7 14.
Rab1 Rf8 15. Rxb2 Rb8 16. Rb5 c5 17. f4 a6 18. Rbb1 Kh8 19. Rf3 Rg8 20. Rg3 Rg7
21. Rxg7 Kxg7 22. Qf7+ Kh8 23. Rf1 Qf8 24. Qxf8+ Bxf8 25. Rf3 Rc8 26. Rh3 Kg7
27. Rg3+ Kh8 28. Bg4 Rc6 29. Be6 Bg7 30. Rh3 Rb6 31. Bb3 Rb4 32. g4 a5 33. a4
Rb6 34. g5 fxg5 35. fxg5 Rc6 36. Rf3 Rc8 37. h4 Re8 38. Kg2 b6 39. h5 Re5 40.
Rf5 Re7 41. h6 1-0

[Event "Detroit (MOR/4/7)"]
[Site "?"]
[Date "1990.??.??"]
[Round "?"]
[White "Rosenberg, Steve"]
[Black "Griffin, John"]
[Result "1-0"]
[WhiteElo "1780"]
[BlackElo "1625"]
[PlyCount "149"]
[EventDate "1990.??.??"]

{4/(7)} 1. e4 c5 2. Nf3 Nc6 3. d4 cxd4 4. Nxd4 Nf6 5. Nc3 e5 6. Nxc6 bxc6 7.
Bg5 Bb4 8. Qd3 h6 9. Bh4 O-O 10. a3 Bxc3+ 11. bxc3 g5 12. Bg3 Qe7 13. Qf3 Rb8
14. Bc4 d6 15. O-O Be6 16. Bxe6 Qxe6 17. Qd3 Rfd8 18. c4 d5 19. cxd5 cxd5 20.
exd5 Nxd5 21. Qc4 Rbc8 22. Qe4 Nc3 23. Qxe5 Qxe5 24. Bxe5 Ne2+ 25. Kh1 Rxc2 26.
Rad1 Rdd2 27. Rxd2 Rxd2 28. Re1 Kh7 29. g3 Kg6 30. Kg2 Nd4 31. Bxd4 Rxd4 32.
Re7 Ra4 33. Re3 Ra6 34. Rb3 Rb6 35. Rd3 Kf5 36. Kf3 g4+ 37. Kg2 Kg6 38. Rd4 h5
39. a4 Ra6 40. Rf4 Rf6 41. Re4 Ra6 42. Kf1 Re6 43. Rd4 f5 44. a5 Ra6 45. Rd5
Kf6 46. Kg2 Ke6 47. Rb5 Kf6 48. h4 Re6 49. Kf1 Re5 50. Rxe5 Kxe5 51. Ke2 Kd4
52. f4 a6 53. Kd2 Kc4 54. Ke3 Kc3 55. Ke2 Kd4 56. Kd2 Kc4 57. Ke3 Kb4 58. Kd4
Kxa5 59. Ke5 Kb5 60. Kxf5 a5 61. Kg5 a4 62. f5 a3 63. f6 a2 64. f7 a1=Q 65.
f8=Q Qc1+ 66. Kxh5 Qc2 67. Kxg4 Qg6+ 68. Kf4 Qb6 69. Qf5+ Ka6 70. h5 Qd4+ 71.
Kg5 Qd2+ 72. Kg6 Qg2 73. g4 Qb7 74. h6 Ka7 75. Qf7 1-0

[Event "Flint (Class B/5)"]
[Site "?"]
[Date "1990.??.??"]
[Round "?"]
[White "Rosenberg, Steve"]
[Black "Collins, S."]
[Result "1-0"]
[WhiteElo "1740"]
[BlackElo "1790"]
[PlyCount "101"]
[EventDate "1990.??.??"]

1. e4 d6 2. Nf3 g6 3. Nc3 Nf6 4. d3 Bg7 5. Be2 O-O 6. Bg5 Nbd7 7. Qd2 c6 8. Bh6
b5 9. Bxg7 Kxg7 10. b4 a5 11. bxa5 b4 12. Nd1 Qxa5 13. O-O Ne5 14. Nd4 Qb6 15.
Nb3 Be6 16. Ne3 c5 17. Kh1 c4 18. dxc4 Nxe4 19. Qd4 Qxd4 20. Nxd4 Bd7 21. Nd5
Nd2 22. Rfe1 Nexc4 23. Bxc4 Nxc4 24. Rxe7 Ba4 25. Ne6+ Kg8 26. Nxf8 Rxf8 27.
Nxb4 Rb8 28. c3 Rc8 29. Rae1 Ne5 30. Nd5 Rc5 31. c4 Nxc4 32. Nf4 Rf5 33. R7e4
Bb5 34. Rd4 g5 35. Nd5 Rxf2 36. Rg4 h6 37. h4 f5 38. Rg3 f4 39. Rb3 Ba6 40. Re7
Rb2 41. Rxb2 Nxb2 42. hxg5 hxg5 43. Kh2 Bc4 44. Nc3 g4 45. Rd7 g3+ 46. Kg1 Kf8
47. Rxd6 Ke7 48. Rd4 Kf6 49. Rxf4+ Kg5 50. Rd4 Be6 51. Ne4+ 1-0

[Event "Lansing (Mini-Swiss.1/1)"]
[Site "?"]
[Date "1990.??.??"]
[Round "?"]
[White "Rosenberg, Steve"]
[Black "Calton, Bill"]
[Result "0-1"]
[WhiteElo "1765"]
[BlackElo "2050"]
[PlyCount "142"]
[EventDate "1990.??.??"]

{1/(1)} 1. e4 g6 2. Nf3 Bg7 3. Bc4 d6 4. h3 Nf6 5. Qe2 O-O 6. d4 d5 7. exd5
Nxd5 8. c3 Nc6 9. O-O b6 10. Qe4 e6 11. Bg5 Qd6 12. Re1 Bb7 13. Bxd5 exd5 14.
Qh4 Rfe8 15. Nbd2 Re6 16. Rxe6 fxe6 17. Bh6 Ne7 18. Bxg7 Kxg7 19. Ne5 Nf5 20.
Qg5 c5 21. Ndf3 Qd8 22. Qg4 Rc8 23. Ng5 Qf6 24. Nd7 Qe7 25. Ne5 cxd4 26. Nxh7
Qe8 27. Ng5 dxc3 28. bxc3 Rxc3 29. Qf4 Qe7 30. Ngf3 Rc5 31. Qg4 Qf6 32. Re1 Rc7
33. Qh4 Nd6 34. Qg4 Ne4 35. Re2 Ba6 36. Rb2 Rc1+ 37. Kh2 Bf1 38. h4 Rc8 39. Kg1
Bc4 40. Rc2 b5 41. Kh2 a5 42. g3 Qf5 43. Qxf5 exf5 44. Ng5 Nxg5 45. hxg5 b4 46.
Rd2 a4 47. Rb2 b3 48. axb3 Bxb3 49. Kg2 Rc2 50. Rb1 d4 51. Kf1 Rc5 52. f4 Rc3
53. Kf2 a3 54. Nf3 a2 55. Ra1 Rc2+ 56. Ke1 Bd5 57. Nd2 d3 58. Rd1 Rb2 59. Ra1
Kf7 60. Rd1 Ke6 61. Kf2 Rxd2+ 62. Rxd2 a1=Q 63. Rxd3 Be4 64. Re3 Qd4 65. g4
fxg4 66. Ke2 Qb2+ 67. Kf1 Kf5 68. Re2 Bd3 69. Kg1 Qxe2 70. Kh1 Be4+ 71. Kg1
Qg2# 0-1

[Event "Lansing (Mini-Swiss.3/1)"]
[Site "?"]
[Date "1990.??.??"]
[Round "?"]
[White "Rosenberg, Steve"]
[Black "Brattin, Brian"]
[Result "0-1"]
[WhiteElo "1770"]
[BlackElo "1915"]
[PlyCount "56"]
[EventDate "1990.??.??"]

{3/(1)} 1. e4 e6 2. Nf3 d5 3. exd5 exd5 4. d4 Bd6 5. Nc3 c6 6. Be2 Qc7 7. h3
Ne7 8. Bg5 Ng6 9. g3 h6 10. Be3 Na6 11. Qd2 f5 12. a3 f4 13. gxf4 Nxf4 14. Bxa6
bxa6 15. O-O-O O-O 16. Kb1 Rb8 17. Ka2 Bxh3 18. Rdg1 Bg2 19. Rxg2 Nxg2 20. Bxh6
Rxf3 21. Rg1 Bf4 22. Bxf4 Qxf4 23. Qe2 Rxf2 24. Qe6+ Qf7 25. Qxc6 Rxc2 26. Na4
Rxc6 27. Rxg2 Qf1 28. Rd2 Rc1 0-1

[Event "Detroit (MOR/4/50)"]
[Site "?"]
[Date "1990.??.??"]
[Round "?"]
[White "Rosebrook, G."]
[Black "Yanalunas, J."]
[Result "1-0"]
[WhiteElo "1605"]
[BlackElo "1605"]
[PlyCount "95"]
[EventDate "1990.??.??"]

{4/(50)} 1. e4 c5 2. Nf3 Nc6 3. b3 Nf6 4. Nc3 g6 5. Bb2 Bh6 6. Nd5 O-O 7. Nxf6+
exf6 8. h3 Qe7 9. d3 d6 10. Be2 f5 11. O-O fxe4 12. dxe4 Qxe4 13. Re1 Rd8 14.
Bc4 Qf4 15. Bc1 Qf6 16. Bxh6 Bf5 17. Bg5 Qg7 18. Bxd8 Rxd8 19. Ng5 Ne5 20. Bd5
Re8 21. Bxb7 f6 22. Bd5+ Kf8 23. Nf3 Nxf3+ 24. Bxf3 Rxe1+ 25. Qxe1 Qe7 26.
Qxe7+ Kxe7 27. Re1+ Kf7 28. Bd5+ Kg7 29. Re7+ Kh6 30. c4 g5 31. g4 Bb1 32. Rxa7
Kg6 33. f3 h5 34. Bf7+ Kh6 35. Bxh5 Bg6 36. Bxg6 Kxg6 37. Rd7 f5 38. Rxd6+ Kf7
39. gxf5 g4 40. fxg4 Ke7 41. Rg6 Kf7 42. h4 Ke7 43. h5 Kf7 44. h6 Ke7 45. h7
Kd7 46. h8=Q Kc7 47. Qh7+ Kc8 48. Rg8# 1-0

[Event "Detroit (MOR/5/30)"]
[Site "?"]
[Date "1990.??.??"]
[Round "?"]
[White "Rosebrook, G."]
[Black "Vandenburg, V.E."]
[Result "1-0"]
[WhiteElo "1605"]
[BlackElo "1625"]
[PlyCount "125"]
[EventDate "1990.??.??"]

{5/(30)} 1. e4 a6 2. Nf3 e6 3. c3 b5 4. d4 Bb7 5. Bd3 Nf6 6. Bg5 Be7 7. Ne5
Nxe4 8. Bxe7 Qxe7 9. Bxe4 Bxe4 10. Qg4 Bg6 11. Nxg6 hxg6 12. Qf3 d5 13. Nd2 c5
14. Nb3 Nd7 15. Qe3 Rc8 16. O-O O-O 17. Rad1 cxd4 18. Rxd4 Nb6 19. Qh3 Rc4 20.
Rxc4 Nxc4 21. Rb1 b4 22. Qd3 bxc3 23. Qxc3 Rc8 24. h3 Qd7 25. Qe1 e5 26. Nd2
Nxd2 27. Qxd2 d4 28. Re1 Qf5 29. Rc1 Rxc1+ 30. Qxc1 d3 31. Qe3 e4 32. Qd4 Qf4
33. g3 Qc1+ 34. Kg2 f5 35. Qd8+ Kh7 36. Qh4+ Qh6 37. Qxh6+ gxh6 38. Kf1 g5 39.
b4 Kg7 40. a4 Kf7 41. a5 Ke7 42. b5 Kd7 43. bxa6 Kc7 44. Ke1 Kb8 45. Kd2 Ka7
46. f3 Kxa6 47. g4 fxg4 48. hxg4 exf3 49. Kxd3 f2 50. Ke2 f1=Q+ 51. Kxf1 Kxa5
52. Ke2 Kb6 53. Ke3 Kc6 54. Ke4 Kd6 55. Kf5 Kd5 56. Kg6 Ke6 57. Kxh6 Kf6 58.
Kh5 Kg7 59. Kxg5 Kg8 60. Kg6 Kh8 61. g5 Kg8 62. Kf6 Kf8 63. g6 1-0

[Event "Detroit (MOR/2/51)"]
[Site "?"]
[Date "1990.??.??"]
[Round "?"]
[White "Rosebrook, G."]
[Black "Smith, Lester"]
[Result "0-1"]
[WhiteElo "1605"]
[BlackElo "1605"]
[PlyCount "116"]
[EventDate "1990.??.??"]

{2/(51)} 1. e4 e5 2. Nf3 Nf6 3. Nc3 Bb4 4. d3 Nc6 5. Bd2 d6 6. h3 Be6 7. Be2 h6
8. O-O Rg8 9. Re1 g5 10. Nh2 Qd7 11. Rf1 Nd4 12. a3 Nxe2+ 13. Qxe2 Bxc3 14.
Bxc3 g4 15. hxg4 Nxg4 16. Nf3 O-O-O 17. d4 exd4 18. Bxd4 Qa4 19. b3 Qa5 20. g3
Qh5 21. Nh4 d5 22. e5 Qg5 23. Kg2 Nxe5 24. Rh1 Ng6 25. Nxg6 Qxg6 26. Qe5 Bf5
27. Qf4 Be4+ 28. f3 Bxc2 29. Rac1 Rd7 30. Rxh6 Qd3 31. Rf6 Rh8 32. Rxf7 Rxf7
33. Qxf7 Qd2+ 34. Bf2 Qxc1 35. Qe6+ Kb8 36. Bg1 d4 37. Qe5 Rd8 38. Bxd4 Bxb3
39. Qe7 Rc8 40. g4 b6 41. Kg3 Rg8 42. Qe4 Qxa3 43. Be5 Bd1 44. Bxc7+ Kxc7 45.
Qc4+ Kb7 46. Qd5+ Ka6 47. Qxd1 Rg6 48. Qe2+ b5 49. Qe8 Qd6+ 50. Kg2 Qd2+ 51.
Kg3 Rh6 52. Qc8+ Ka5 53. Qc7+ Kb4 54. Qe7+ Kc3 55. Qc5+ Kb2 56. Qxb5+ Kc1 57.
Qc5+ Kd1 58. Qg1+ Qe1+ 0-1

[Event "Detroit (RVO/3)"]
[Site "?"]
[Date "1990.??.??"]
[Round "?"]
[White "Rosebrook, G."]
[Black "Smeckert, Dennis"]
[Result "1-0"]
[WhiteElo "1605"]
[BlackElo "1605"]
[PlyCount "35"]
[EventDate "1990.??.??"]

1. e4 c5 2. Nf3 Nc6 3. c3 d6 4. h3 a6 5. d4 cxd4 6. cxd4 e6 7. Nc3 Qc7 8. Be2
Be7 9. Be3 Nf6 10. Rc1 Qb8 11. d5 exd5 12. exd5 Ne5 13. Na4 Nxf3+ 14. Bxf3 Nd7
15. Bg4 b5 16. Bxd7+ Kxd7 17. Nb6+ Ke8 18. Rxc8+ 1-0

[Event "Flint (Class C/5)"]
[Site "?"]
[Date "1990.??.??"]
[Round "?"]
[White "Rosebrook, G."]
[Black "Sivak, D."]
[Result "1/2-1/2"]
[WhiteElo "1605"]
[BlackElo "1605"]
[PlyCount "80"]
[EventDate "1990.??.??"]

1. e4 c5 2. Nf3 d6 3. Nc3 Nf6 4. h3 Nc6 5. Bc4 g6 6. d3 Bg7 7. Ng5 O-O 8. O-O
Bd7 9. Re1 a6 10. Bd2 b5 11. Bd5 e6 12. Bxc6 Bxc6 13. Rb1 b4 14. Ne2 d5 15. c3
a5 16. a3 bxa3 17. bxa3 Qd7 18. Rb2 Rab8 19. Qb1 Rb7 20. Bf4 a4 21. Nf3 Ne8 22.
e5 f6 23. d4 fxe5 24. Nxe5 Bxe5 25. Bxe5 Rxb2 26. Qxb2 c4 27. Qc1 Qf7 28. f3
Nc7 29. h4 Nb5 30. h5 gxh5 31. Qg5+ Qg6 32. Qc1 h4 33. Kf2 Rf5 34. Rh1 Rg5 35.
Nf4 Qf5 36. Rxh4 Bd7 37. g4 Qf7 38. Nxe6 Rxe5 39. dxe5 Qxe6 40. Qg5+ Qg6
1/2-1/2

[Event "Flint (MI Senior/1/3)"]
[Site "?"]
[Date "1990.??.??"]
[Round "?"]
[White "Rosebrook, G."]
[Black "Pence, P."]
[Result "0-1"]
[WhiteElo "1605"]
[BlackElo "2090"]
[PlyCount "82"]
[EventDate "1990.??.??"]

{1/(3)} 1. e4 Nf6 2. e5 Nd5 3. d4 d6 4. c4 Nb6 5. h3 Bf5 6. Nc3 e6 7. Nf3 Be7
8. Bd2 O-O 9. Be2 c5 10. O-O cxd4 11. Nxd4 dxe5 12. Nxf5 exf5 13. Qc2 g6 14.
Rad1 Qc8 15. Qb3 Nc6 16. Nb5 a6 17. Na7 Rxa7 18. Qxb6 Nd4 19. Qxa7 Nxe2+ 20.
Kh2 Bc5 21. Qxc5 Qxc5 22. b3 Qa3 23. Rfe1 Nd4 24. Rxe5 Qd6 25. Bf4 Nf3+ 26.
gxf3 Qxd1 27. Kg2 Qd4 28. Bg3 f6 29. Rd5 Qb2 30. Rd7 Rf7 31. Rd6 Qxa2 32. Rb6
Qa5 33. Re6 Qb4 34. Re3 g5 35. f4 h6 36. Bh2 Kg7 37. Rg3 Rd7 38. Re3 Qb6 39.
Bg1 Qc6+ 40. f3 Rd2+ 41. Kf1 gxf4 0-1

[Event "Lansing (MI Am/2/51)"]
[Site "?"]
[Date "1990.??.??"]
[Round "?"]
[White "Rosebrook, G."]
[Black "Patterson, S."]
[Result "1-0"]
[WhiteElo "1605"]
[BlackElo "1605"]
[PlyCount "57"]
[EventDate "1990.??.??"]

{2/(51)} 1. e4 e5 2. Nf3 Nc6 3. Bc4 Nf6 4. d3 Na5 5. Nxe5 Nxc4 6. Nxc4 Bc5 7.
O-O d5 8. exd5 Nxd5 9. Re1+ Be6 10. Nc3 c6 11. Ne4 Bb4 12. Bd2 O-O 13. c3 Ba5
14. Ned6 Qd7 15. Nxb7 Qxb7 16. Nxa5 Qxb2 17. Nxc6 Nxc3 18. Bxc3 Qxc3 19. Rc1
Qf6 20. Qd2 Qg6 21. Ne7+ Kh8 22. Nxg6+ fxg6 23. Rxe6 Rab8 24. h4 Rf6 25. Rxf6
gxf6 26. Qf4 Rf8 27. Rc7 a5 28. Qh6 Rg8 29. Qxh7# 1-0

[Event "Flint (Class C/3)"]
[Site "?"]
[Date "1990.??.??"]
[Round "?"]
[White "Rosebrook, G."]
[Black "Mannor, Eric"]
[Result "0-1"]
[WhiteElo "1605"]
[BlackElo "1605"]
[PlyCount "84"]
[EventDate "1990.??.??"]

1. e4 e5 2. Nf3 Nc6 3. Bc4 Bc5 4. c3 d6 5. d4 Bb6 6. Ng5 Nh6 7. Nf3 Ng8 8. b4
Bg4 9. a4 a5 10. Qb3 Qe7 11. Bb5 exd4 12. O-O Bxf3 13. gxf3 Kf8 14. Qd5 Nf6 15.
Qb3 dxc3 16. Bxc6 bxc6 17. Nxc3 Qe6 18. Qxe6 fxe6 19. Ba3 Bd4 20. Rac1 Nh5 21.
Ne2 Bb6 22. b5 c5 23. e5 Ke7 24. Rfd1 Rhf8 25. Rc4 Rxf3 26. Rh4 g6 27. Bc1 Rf5
28. exd6+ cxd6 29. Ng3 Rd5 30. Rxd5 exd5 31. Nxh5 gxh5 32. Bg5+ Ke6 33. Rxh5
Rg8 34. h4 c4 35. Kf1 c3 36. Rxh7 d4 37. Ke2 Rf8 38. Rh6+ Kd5 39. f4 Re8+ 40.
Kd3 Re3+ 41. Kc2 Re2+ 42. Kd3 Rd2# 0-1

[Event "Lansing (MI Am/4/41)"]
[Site "?"]
[Date "1990.??.??"]
[Round "?"]
[White "Rosebrook, G."]
[Black "Lenning, B."]
[Result "1-0"]
[WhiteElo "1605"]
[BlackElo "1605"]
[PlyCount "79"]
[EventDate "1990.??.??"]

{4/(41)} 1. e4 c6 2. Nf3 d5 3. Nc3 dxe4 4. Nxe4 Nd7 5. Bc4 Ngf6 6. d3 e6 7. Bg5
Be7 8. Bf4 O-O 9. h3 b5 10. Bb3 Nxe4 11. dxe4 Nc5 12. Qe2 Nxb3 13. axb3 Bb7 14.
O-O b4 15. Rfd1 Qc8 16. Ne5 Rd8 17. Rxd8+ Qxd8 18. Rd1 Qe8 19. Rd7 Bc8 20. Rd1
f6 21. Ng4 e5 22. Bg3 Qf7 23. Ne3 f5 24. Bxe5 fxe4 25. Rd4 Qg6 26. Qc4+ Be6 27.
Qxc6 Rc8 28. Qxe4 Qxe4 29. Rxe4 Bc5 30. Bd4 Bf7 31. Bxc5 Rxc5 32. Rxb4 Kf8 33.
Rb8+ Be8 34. c3 Rc6 35. Nc4 Rc7 36. Nd6 Re7 37. Rxe8+ Rxe8 38. Nxe8 Kxe8 39. f4
Ke7 40. Kf2 1-0

[Event "Flint (Class C/1)"]
[Site "?"]
[Date "1990.??.??"]
[Round "?"]
[White "Rosebrook, G."]
[Black "LaGuire, D."]
[Result "1-0"]
[WhiteElo "1605"]
[BlackElo "1605"]
[PlyCount "57"]
[EventDate "1990.??.??"]

1. e4 e6 2. Nf3 Ne7 3. Nc3 d5 4. d4 c5 5. b3 Nec6 6. Bb5 Qb6 7. O-O cxd4 8.
Nxd4 Bc5 9. Na4 Bxd4 10. Nxb6 axb6 11. exd5 Bxa1 12. a4 exd5 13. Re1+ Be6 14.
Ba3 Bc3 15. Re2 d4 16. f4 Kd7 17. Qd3 g6 18. Qg3 f5 19. Qg5 Re8 20. Qh6 Na6 21.
Qxh7+ Kc8 22. Qxg6 Nc7 23. Bd6 Nxb5 24. Qxe8+ Nd8 25. Rxe6 d3 26. cxd3 Bd4+ 27.
Kf1 Ra7 28. Re7 Nc3 29. Qd7# 1-0

[Event "Lansing (MI Am/5/23)"]
[Site "?"]
[Date "1990.??.??"]
[Round "?"]
[White "Rosebrook, G."]
[Black "Kreiman, V."]
[Result "0-1"]
[WhiteElo "1605"]
[BlackElo "1825"]
[PlyCount "100"]
[EventDate "1990.??.??"]

{5/(23)} 1. e4 c5 2. Nf3 Nc6 3. Bc4 d6 4. O-O Nf6 5. Re1 e6 6. Nc3 a6 7. a3 b5
8. Ba2 Be7 9. d3 O-O 10. h3 Bb7 11. Bd2 Qc7 12. Ng5 h6 13. Nf3 Rac8 14. Ne2 Na5
15. Ng3 c4 16. Bc3 cxd3 17. cxd3 Nc6 18. Rc1 Qb6 19. Qd2 a5 20. Bxf6 Bxf6 21.
Nh5 Bd4 22. Nxd4 Nxd4 23. Nf6+ gxf6 24. Qxh6 Rxc1 25. Qxc1 Qc5 26. Qf4 Qg5 27.
Qxg5+ fxg5 28. Re3 b4 29. Kh2 b3 30. Bb1 Rc8 31. Re1 f6 32. f3 Ba6 33. Kg3 Rc1
34. Rxc1 Ne2+ 35. Kf2 Nxc1 36. Ke1 Nxd3+ 37. Kd2 Nf4 38. Kc3 Bf1 39. Kxb3 Bxg2
40. Ka4 Bxf3 41. Kxa5 Nxh3 42. b4 g4 43. b5 g3 44. b6 g2 45. b7 g1=Q 46. b8=Q+
Kg7 47. Qb7+ Kh6 48. a4 Be2 49. Qb8 Qc5+ 50. Qb5 Bxb5 0-1

[Event "Detroit (RVO/4)"]
[Site "?"]
[Date "1990.??.??"]
[Round "?"]
[White "Rosebrook, G."]
[Black "Griffin, John"]
[Result "1-0"]
[WhiteElo "1605"]
[BlackElo "1650"]
[PlyCount "65"]
[EventDate "1990.??.??"]

1. e4 c5 2. Nf3 Nc6 3. c3 e6 4. d4 cxd4 5. cxd4 d5 6. Nc3 dxe4 7. Nxe4 Nf6 8.
Nc3 Be7 9. Bd3 Nxd4 10. Nxd4 Qxd4 11. Bb5+ Qd7 12. Bxd7+ Bxd7 13. O-O O-O 14.
Bg5 Bc6 15. h3 Nd5 16. Nxd5 Bxg5 17. Ne3 Bf6 18. Qb3 Rac8 19. Rad1 Rc7 20. Ng4
Be7 21. Qg3 Rfc8 22. Rfe1 Bd5 23. a3 Kf8 24. h4 h6 25. Rd2 Rc6 26. Red1 Rd6 27.
Qd3 Rc4 28. Ne3 Rxh4 29. Nxd5 Rd8 30. g3 Rh5 31. Qh7 f6 32. Qh8+ Kf7 33. Qxd8
1-0